000 01190cam a22002054a 4500
005 20250605163948.0
008 250528s ||||||||||||||||||||||||d
035 _a15271
020 _a631152776
040 _aGR-AtMCL
_bgre
_dGR-AtMCL
_eAACR2
245 1 _aManaging with Micros / Management Uses of Microcomputers: Third Edition
250 _a3rd
260 _bBasil Blackwell,
_c1986
300 _a222
520 _aThis book takes account of all the developments in a rapidly changing field, in particular the increasingly popular integrated business packages and the growing use of micros as communications device. Foreword, Acknowledgements, Microcomputer Systems - Hardware and Software, The Microcomputer Industry and the Choice of Microcomputer System, The Microcomputer as a Communications Device, General Purpose Applications Packages, Word Processing Packages, Spreadsheet Packages Including Graphics, Flexible Database Packages, Integrated Business Packages, The Three Most Popular Packages, Payroll, Sales and Purchase and Nominal Ledger, Stock control, Glossary of Terms, Index.
700 1 _aLewis Colin
_91166
942 _cBK
999 _c864
_d864